Jak Rezka přišla do rodiny... : komedie o třech dějstvích /

Main Author: Slavíková, Marie, 1891-
Language: Czech
Published: Praha : František Švejda, [1926
Series: Švejdův divadelní sborník
Physical Description: 113 sstran ; 8°
Book
Saved in:
LEADER 01053nam a22003017i 4500
001 001827641
003 CZ BrMZK
005 20220802100247.0
007 ta
008 220621s1926 xr er|||||||||||cze d
015 |a cnb000787985 
035 |a (OCoLC)85495001 
040 |a ABA001  |b cze  |c ABA001  |d ABA001  |d BOA001  |e rda 
072 7 |x České drama  |a 821.162.3-2  |2 Konspekt  |9 25 
100 1 |a Slavíková, Marie,  |d 1891-  |7 jk01111893  |4 aut 
245 1 0 |a Jak Rezka přišla do rodiny... :  |b komedie o třech dějstvích /  |c napsala Marie Slavíková 
264 1 |a Praha :  |b František Švejda,  |c [1926 
264 3 |b Tiskl Alois Lapáček 
300 |a 113 sstran ;  |c 8° 
336 |a text  |b txt  |2 rdacontent 
337 |a bez média  |b n  |2 rdamedia 
338 |a svazek  |b nc  |2 rdacarrier 
490 1 |a Švejdův divadelní sborník ;  |v svazek 386 
830 0 |a Švejdův divadelní sborník  |0 s 
910 |a BOA001  |b 1-0041.274,386 
990 |a BK 
991 |b 202206 
996 6 |b 2618738352  |c 1-0041.274,386  |l MZK  |r Sklad / do 1 hodiny  |n 0  |w 001892255  |u 000010  |a 1  |e BOA001  |j MZK50  |s P